|
|
|
|
| LEADER |
00000nta a2200000 i 4500 |
| 001 |
dolg33983 |
| 005 |
20210624062738.0 |
| 008 |
210624suuuu hu om 000 hun d |
| 040 |
|
|
|a BGE Dolgozattár Repozitórium
|b hun
|
| 041 |
|
|
|a hu
|
| 100 |
1 |
|
|a Karaszi Andrea Zsófia
|
| 245 |
1 |
3 |
|a Az állatvédő szervezetek marketing lehetőségei
|c Karaszi Andrea Zsófia
|h [elektronikus dokumentum]
|
| 695 |
|
|
|a Állatvédelem
|
| 695 |
|
|
|a Nonprofit marketing
|
| 700 |
1 |
|
|a Nincs adat Nincs adat
|e ths
|
| 856 |
4 |
0 |
|u http://dolgozattar.uni-bge.hu/33983/1/D_16105_B483LS%20-%20Karaszi%20Andrea%20Zs%C3%B3fia.pdf
|z Dokumentum-elérés
|